Vainqueurs de la coupe du monde - Statistiques

Statistiques générales
  • Ce quiz a été pris 1 460 fois
  • Le résultat moyen est 19 sur 19
Statistiques - réponses
Hint Réponse % Correct
1998 France
100%
1954 Allemagne (RFA)
99%
1974 Allemagne (RFA)
99%
1990 Allemagne (RFA)
99%
1958 Brésil
99%
1962 Brésil
99%
1970 Brésil
99%
1994 Brésil
99%
2002 Brésil
99%
2010 Espagne
99%
1934 Italie
99%
1938 Italie
99%
1982 Italie
99%
2006 Italie
99%
1978 Argentine
97%
1986 Argentine
97%
1930 Uruguay
93%
1950 Uruguay
93%
1966 Angleterre
91%
Aucun quiz correspondant
Distribution des résultats
% des personnes avec chaque résultat
Percentile par nombre de réponses
Votre historique - résultats
Vous n’avez pas pris ce quiz